| 000 | 00532nam1a22002051i 4500 | ||
|---|---|---|---|
| 001 | v19\rc\2053823 | ||
| 005 | 20240723113722.0 | ||
| 035 | _a(NLR Aleph) 005131642 | ||
| 090 |
_a4714824 _c4714824 |
||
| 100 | _a20081111d1907 |||y0rusy50 ca | ||
| 101 | 1 |
_arus _carm |
|
| 102 | _aRU | ||
| 105 | _ay z ||||| | ||
| 200 | 1 |
_aЦветы Араза _eВып. 1 |
|
| 210 |
_aМосква _cБ. Кеворков _d1907 |
||
| 215 | _d18 | ||
| 801 | 0 |
_aRU _bNLR _gpsbo |
|
| 801 | 1 |
_aRU _bProSoft-M _2rusmarc |
|
| 852 |
_aNLR _j34.84.7.1028 |
||
| 942 | _cBOOK | ||